Responses for National College Championship game #16 - Friday, February 18, 2022

2022 National College Championship semifinal game 4.

Contestants

[<< previous game]

Megan Sullivan, a junior at the University of Virginia in Charlottesville, Virginia

Jaskaran Singh, a senior at the University of Texas at Austin in Austin, Texas

Joey Kornman, a junior at Brandeis University in Waltham, Massachusetts

[next game >>]

Jeopardy! Round responses

WORLD HISTORY
LET'S ROCK & ROLL!
A DAY AT THE SORBONNE
COLLEGE TEAM NAMES
SALTY
SCIENCE FICTION
    $200 5
Tiananmen Square

Megan
    $200 15
a California roll

Jaskaran
    $200 30
a pen

Joey
    $200 28
Kansas

Jaskaran
    $200 25
jerky

Jaskaran
    $200 11
(Mayim: Yes, and that puts you on the board.)

Jurassic Park

Joey
    $400 4
(Megan: Who is da Vinci?)

Michelangelo

Megan
Triple Stumper
    $400 14
Rick Rolling

Megan
    $400 29
a map

Joey
    $400 19
Trojans

Jaskaran
    $400 26
(Megan: What is popcorn?)
(Mayim: More specific.)
(Megan: What is caramel popcorn?)

kettle corn

JoeyMegan
    $400 7
(Andy) Weir

Jaskaran
    $600 3
Isabella

Jaskaran
    $600 9
flint

Jaskaran
    $600 23
lunch

Joey
    $600 20
Griffins

Joey
    $600 27
kale

Joey
    $600 6
(Jaskaran: Who is Green?)
(Mayim: More specific.)
(Jaskaran: Uh... who is John Green?)
...
(Mayim: Actually, it's [*], John's brother.)

Hank Green

Jaskaran
Triple Stumper
    $800 1
Tehran

Jaskaran
    $800 13
metamorphic

Jaskaran
    $800 22
a laptop

Triple Stumper
    $800 16
the Quakers

Joey
    $800 17
nori

Jaskaran
    $800 8
(Phillip K.) Dick

Megan
    $1,000 2
the Philippines

Jaskaran
    $1000 12
(Megan: Ooh--what is ruby?)

onyx

Megan
Triple Stumper
    $1000 21
a dossier

Joey
    $1000 18
the Polar Bears

Megan
    $1000 24
sardines

Megan
    $1000 10
Ender's Game

Megan

Scores at the first commercial break (after clue 15):

Joey Jaskaran Megan
$200 $3,800 $1,000

Scores at the end of the Jeopardy! Round:

Joey Jaskaran Megan
$4,800 $5,400 $2,600

Double Jeopardy! Round responses

ZOOMING AROUND THE U.S.
MUSIC CLASS
"YA"S
LET'S HAVE A WATCH PARTY
VERBS
SCIENCE FACT
    $400 29
Florida

Jaskaran
    $400 30
(Mayim: Correct response, [*]. If you'd like to do the math, there are 88 keys on a piano, minus 52 white ones, leaves you with [*] black keys.)

36

Triple Stumper
    $400 24
a yacht

Megan
    $400 25
Amy Poehler

Megan
    $400 7
troll

Megan
    $400 23
RNA

Megan
    $800 5
Boston

Megan
    $800 13
(Mayim: That's right, and you take second place.)

a chord

Joey
    $800 10
yada, yada, yada

Joey
    $800 16
(Timothée) Chalamet

Megan
    $800 6
perjure

Jaskaran
    $800 22
(Jaskaran: What is Ares?)
...
(Mayim: It's actually [*], in conflict with Ares.)

Antares

Jaskaran
Triple Stumper
    $1200 2
the Rocky Mountains

Triple Stumper
    $1200 26
chamber

Joey
    $1200 14
Yahoo

Jaskaran
    $1200 17
Mary Berry

Megan
    $1200 1
constrict

Jaskaran
    $4,000 19
(Joey: What is... bauxite?)

pitchblende

Joey
    $1600 3
(Jaskaran: What is the Navajo?)

the Gila

Jaskaran
Triple Stumper
    $1600 28
Haydn

Megan
    $1600 12
yarns

Joey
    $1600 15
Bo Burnham

Megan
    $3,800 8
articulate

Megan
    $1600 21
a mole

Jaskaran
    $2000 4
Cuyahoga

Jaskaran
    $2000 27
(Megan: What is doo-wop?)

scat

JoeyMegan
    $2000 11
yakitori

Triple Stumper
    $2000 18
The Impractical Jokers

Joey
    $2000 9
(Mayim: That is correct, and I'm sure your Latin teacher is as happy as I am that you got that correct.)

undulate

Megan
    $2000 20
Langerhans

Jaskaran

Scores at the end of the Double Jeopardy! Round:

Joey Jaskaran Megan
$9,200 $12,200 $14,000

[wagering suggestions for these scores]

Final Jeopardy! Round responses

CHARACTERS IN BANNED BOOKS
(Mayim: [To Jaskaran] That is correct, from the novel by D.H. Lawrence.)
...
(Mayim: Jaskaran Singh, you are the winner of this semifinal game. Let's take a look at the three students who are advancing to the finals.)
(Raymond: Raymond Goslow, Kennesaw State University.)
(Liz: Liz Feltner, Northeastern University.)
(Mayim: And that leaves one more space.
Jaskaran Singh, you are our third finalist.
Isaac Applebaum from Stanford University will take fourth place and go home with $35,000. He played a series of unbelievable games.)
JoeyWho is Madame Bovary?
$9,200
JaskaranWho is Lady Chatterley
$12,200
MeganWho is Daisy Buchanan Madame Bovary
$10,401
Lady Chatterley

Final scores:

Joey Jaskaran Megan
$0 $24,400 $3,599
3rd place: $20,000 Winner: finalist, if one of 3 top-scoring winners; $35,000 for 4th place 2nd place: $20,000

Game dynamics:

Coryat scores:

Joey Jaskaran Megan
$13,200 $12,200 $11,800
15 R,
1 W
(including 1 DD)
18 R
(including 1 DD),
3 W
17 R
(including 1 DD),
4 W

Combined Coryat: $37,200

[game clues] [game scores] [suggest correction]

Game tape date: 2021-11-23
The J! Archive is created by fans, for fans. Scraping, republication, monetization, and malicious use prohibited; this site may use cookies and collect identifying information. See terms. The Jeopardy! game show and all elements thereof, including but not limited to copyright and trademark thereto, are the property of Jeopardy Productions, Inc. and are protected under law. This website is not affiliated with, sponsored by, or operated by Jeopardy Productions, Inc. Join the discussion at JBoard.tv.